| 000 | 01011nam0a2200289 i 4500 | ||
|---|---|---|---|
| 001 | RU\NLR\BIBL_A\011272739 | ||
| 005 | 20240921175456.0 | ||
| 010 |
_a9785170994021 _92000 |
||
| 021 |
_aRU _b2016-84073 _95493 |
||
| 035 | _a(NLR Aleph) 011272739 | ||
| 090 |
_a10826798 _c10826798 |
||
| 100 | _a20161115d2016 u y0rusy50 ca | ||
| 101 | 1 |
_arus _ceng |
|
| 102 | _aRU | ||
| 105 | _ay z 000 y | ||
| 200 | 1 |
_aПросроченное убийство _fМиранда Джеймс _g[пер. с англ. А. Паниной] |
|
| 210 |
_aМосква _cАСТ _d2016 |
||
| 215 |
_a318, [1] с. _d21 |
||
| 225 | 1 | _aКошачий детектив | |
| 300 | _aНа 4-й с. обл. авт.: М. Джеймс - псевд. Дина Джеймса | ||
| 686 | 1 | _aШ6(7США)67-446(Лх1979-60) | |
| 700 | 1 |
_7ca _8rus _aДжеймс _bМ. _f1959- _gМиранда _9169112 _3RU\NLR\AUTH\770169162 |
|
| 942 | _cBOOK | ||
| 980 | _aNBR | ||